<?xml version="1.0" encoding="UTF-8"?>
<record
    xmlns:xsi="http://www.w3.org/2001/XMLSchema-instance"
    xsi:schemaLocation="http://www.loc.gov/MARC21/slim http://www.loc.gov/standards/marcxml/schema/MARC21slim.xsd"
    xmlns="http://www.loc.gov/MARC21/slim">

  <leader>02122nam a2200313Ia 4500</leader>
  <controlfield tag="001">H6576</controlfield>
  <controlfield tag="003">IT-RoPAU</controlfield>
  <controlfield tag="008">130308s9999    xx            000 0 und d</controlfield>
  <datafield tag="040" ind1=" " ind2=" ">
    <subfield code="a">IT-RoPAU</subfield>
  </datafield>
  <datafield tag="040" ind1=" " ind2=" ">
    <subfield code="c">IT-RoPAU</subfield>
  </datafield>
  <datafield tag="041" ind1=" " ind2=" ">
    <subfield code="a">ITALIANO</subfield>
  </datafield>
  <datafield tag="100" ind1=" " ind2=" ">
    <subfield code="a">Cibien Carlo</subfield>
  </datafield>
  <datafield tag="100" ind1=" " ind2=" ">
    <subfield code="g">Codice Aut. SPICS:  8035</subfield>
  </datafield>
  <datafield tag="245" ind1=" " ind2=" ">
    <subfield code="a">Don Alberione Beato</subfield>
  </datafield>
  <datafield tag="245" ind1=" " ind2=" ">
    <subfield code="b">Don Alberione Beato</subfield>
  </datafield>
  <datafield tag="250" ind1=" " ind2=" ">
    <subfield code="a">1a ed.</subfield>
  </datafield>
  <datafield tag="260" ind1=" " ind2=" ">
    <subfield code="a">ROMA</subfield>
  </datafield>
  <datafield tag="260" ind1=" " ind2=" ">
    <subfield code="b">Societa' San Paolo</subfield>
  </datafield>
  <datafield tag="260" ind1=" " ind2=" ">
    <subfield code="c">2004 [1&#xB0; Ed.:2004 - Ed.Ling.Originale:2004]</subfield>
  </datafield>
  <datafield tag="300" ind1=" " ind2=" ">
    <subfield code="a">"192 p. (prefazione: no ; testo: 192 [pagine: 0-0])"</subfield>
  </datafield>
  <datafield tag="500" ind1=" " ind2=" ">
    <subfield code="a">"Volume Celebrativo del Triduo in Occasione della Beatificazione di Don Alberione. Prefazione. Introduzione. Vita di Don Alberione. Santit&#xE0; di Don Alberione. Causa di Beatificazione e Canonizzazione: vocazione Universale Alla Santit&#xE0; nella Chiesa; Competenza; Tappe; Verso Venerabilita'; Interventodel Papa; Maria Librada, la Miracolata; miracolo X Beatificazione; Verso Canonizzazione; Processo Beatificazione e Canonizzazione di Don Alberione, Date e Iter in Sintesi. Famiglia Paolina Attende Il Dono: 20 Dicembre 2002  27 Aprile 2003, 4 mesi di Attesa; commissione Centrale e sotto Commissioni; sito Alberione.Org; Gioioso Cammino di Preparazione. Beatificazione   27 Aprile 2003: vento e Volto; momento + Solenne; Omelia di Giovanni Paolo Ii;Reliquiario e Lampada; Musica Caeli; incontro col Papa; 1 grazie Corale nella Basilica di San Paolo; Ringraziamento in Santuario. Pellegrinaggio Ad Alba 29 Aprile 1 Maggio. Appendici: Omelia di Mons. Sebastiano Dho, Vescovo di Alba; Omelia di Mons. Gaetano Bonicelli Igs, Vescovo Emerito di Siena; Omelia di Mons. Matalino Pescarolo, Vescovo di Fossano. Prima Festa: 26 Novembre 2003, Omelia del Cardinale Angelo Sodano. Testimonianze: breve Apostolico di Sua Santit&#xE0; Giovanni Paolo Ii; Alle sorelle e Ai Fratelli della Famiglia Paolina."</subfield>
  </datafield>
  <datafield tag="650" ind1=" " ind2=" ">
    <subfield code="a">AUTORI/OPERE FAMIGLIA PAOLINA</subfield>
  </datafield>
  <datafield tag="650" ind1=" " ind2=" ">
    <subfield code="e">Codice materia Spics: 9903</subfield>
  </datafield>
  <datafield tag="700" ind1=" " ind2=" ">
    <subfield code="a">Spinucci IdaAA.VV.</subfield>
  </datafield>
  <datafield tag="700" ind1=" " ind2=" ">
    <subfield code="g">Codice Aut. SPICS: 58573Codice Aut. SPICS:  12000</subfield>
  </datafield>
  <datafield tag="942" ind1=" " ind2=" ">
    <subfield code="c">BK</subfield>
  </datafield>
  <datafield tag="957" ind1=" " ind2=" ">
    <subfield code="7">1</subfield>
  </datafield>
  <datafield tag="999" ind1=" " ind2=" ">
    <subfield code="c">95642</subfield>
    <subfield code="d">95642</subfield>
  </datafield>
  <datafield tag="999" ind1=" " ind2=" ">
    <subfield code="g">1</subfield>
  </datafield>
  <datafield tag="952" ind1=" " ind2=" ">
    <subfield code="0">0</subfield>
    <subfield code="1">0</subfield>
    <subfield code="4">0</subfield>
    <subfield code="6">H_000000000000000_6576</subfield>
    <subfield code="7">1</subfield>
    <subfield code="a">SPICS</subfield>
    <subfield code="b">SPICS</subfield>
    <subfield code="d">2013-03-08</subfield>
    <subfield code="l">0</subfield>
    <subfield code="o">H6576</subfield>
    <subfield code="r">2013-03-08 00:00:00</subfield>
    <subfield code="w">2013-03-08</subfield>
    <subfield code="y">BK</subfield>
    <subfield code="z">Progressivo inserimento:  60386 /  N. Volumi: 1 Copie: 1  / data import: 1 marzo 2013 - By Epidotti, Trombetti, Vaglietti. </subfield>
  </datafield>
</record>
